[Event "ROM-ch (Women)"]
[Site "Amara"]
[Date "2007.02.21"]
[Round "7"]
[White "Istrati, Viorica"]
[Black "Peptan, Corina Isabela"]
[Result "0-1"]
[WhiteElo "2110"]
[BlackElo "2408"]
[PlyCount "100"]
[EventDate "2007.02.16"]
[EventType "swiss"]
[EventRounds "9"]
[EventCountry "ROU"]
[SourceTitle "EXT 2010"]
[Source "ChessBase"]
[SourceDate "2010.11.25"]
[SourceVersion "1"]
[SourceVersionDate "2010.11.25"]
[SourceQuality "1"]

1. e4 c5 2. Nf3 d6 3. d4 cxd4 4. Nxd4 Nf6 5. Nc3 Nc6 6. Bg5 e6 7. Qd2 a6 8. 0-0-0 Bd7 9. f4 b5 10. Bxf6 gxf6 11. Nxc6 Bxc6 12. Bd3 b4 13. Ne2 Qb6 14. Kb1 h5 15. Rhf1 h4 16. Nc1 a5 17. Qe2 a4 18. f5 e5 19. Bc4 Ra5 20. Nd3 a3 21. Nf2 axb2 22. Ng4 Be7 23. Kxb2 Qb7 24. Rfe1 Rc5 25. Bb3 Qa8 26. Rd2 Qa3+ 27. Kb1 Qa8 28. Rdd1 Qb7 29. Rd2 Bb5 30. Qf2 Bc4 31. Qf3 Qc6 32. Nf2 Bxb3 33. cxb3 Rc3 34. Qe2 Kd7 35. Rc2 Rxc2 36. Qxc2 Qxc2+ 37. Kxc2 Rg8 38. g4 hxg3 39. hxg3 Rxg3 40. Rd1 Kc6 41. Rd2 Bf8 42. Kd1 Bh6 43. Rc2+ Kb5 44. Rc7 Be3 45. Nd3 Bb6 46. Rxf7 Rxd3+ 47. Kc2 Rc3+ 48. Kd2 Be3+ 49. Ke2 Bg5 50. Rd7 Kc6 0-1

[Event "ROM-chT"]
[Site "Tusnad"]
[Date "2004.05.05"]
[Round "5.9"]
[White "Jicman, Ligia Letitia"]
[Black "Istrati, Viorica"]
[Result "1/2-1/2"]
[WhiteElo "2248"]
[BlackElo "2105"]
[PlyCount "84"]
[EventDate "2004.05.05"]
[EventType "team"]
[EventRounds "9"]
[EventCountry "ROU"]
[SourceTitle "EXT 2008"]
[Source "ChessBase"]
[SourceDate "2007.11.25"]
[SourceVersion "1"]
[SourceVersionDate "2007.11.25"]
[SourceQuality "1"]

1. e4 c5 2. Nf3 d6 3. Bb5+ Nd7 4. d4 cxd4 5. Qxd4 Qa5+ 6. Nc3 a6 7. Bxd7+ Bxd7 8. Be3 e5 9. Qd3 Nf6 10. Nd2 Be6 11. 0-0 d5 12. Nb3 dxe4 13. Nxe4 Qd8 14. Nxf6+ gxf6 15. Qe4 Qd5 16. Qh4 0-0-0 17. c4 Qc6 18. Qxf6 Rg8 19. f3 Rxg2+ 20. Kh1 Rg6 21. Qxe5 Bh3 22. Rf2 Re8 23. Qd4 Bg2+ 24. Rxg2 Qxf3 25. Qd5 Qxe3 26. Rf1 Ree6 27. Nd4 Ref6 28. Nf5 Qh3 29. Rxg6 Qxf1+ 30. Rg1 Qxf5 31. Qxf5+ Rxf5 32. Rg8 Kc7 33. Rxf8 Rf2 34. b3 Kc6 35. Kg1 Rxa2 36. Rxf7 Rb2 37. Rf3 Kc5 38. Rh3 b6 39. Rh5+ Kb4 40. Rh6 Kc5 41. Rh5+ Kb4 42. Rh6 Kc5 1/2-1/2

[Event "ROM-ch (Women)"]
[Site "Satu Mare"]
[Date "2003.09.05"]
[Round "2.1"]
[White "Manicuta, Monica"]
[Black "Istrati, Viorica"]
[Result "1/2-1/2"]
[WhiteElo "2122"]
[BlackElo "2090"]
[PlyCount "141"]
[EventDate "2003.09.01"]
[EventType "k.o."]
[EventRounds "4"]
[EventCountry "ROU"]
[SourceTitle "CBM 096 Extra"]
[Source "ChessBase"]
[SourceDate "2003.10.22"]
[SourceVersion "2"]
[SourceVersionDate "2003.10.20"]
[SourceQuality "1"]

1. e4 c5 2. g3 g6 3. Bg2 Bg7 4. f4 d6 5. Nf3 Nc6 6. d3 e6 7. 0-0 Nge7 8. c3 0-0 9. Be3 b6 10. Bf2 Ba6 11. Re1 Rc8 12. Na3 Qd7 13. Nc2 Na5 14. Bf1 Rc7 15. h3 h6 16. Qd2 f5 17. exf5 gxf5 18. Qe2 Bc8 19. Kh2 Nac6 20. Bg2 e5 21. Nh4 exf4 22. gxf4 d5 23. Rad1 Rf6 24. Qh5 Qd6 25. d4 c4 26. Bg3 Be6 27. Rd2 Bf7 28. Qf3 b5 29. Re5 b4 30. Ne3 Be6 31. Re2 Rd7 32. Rxe6 Qxe6 33. Nexf5 Qf7 34. Ne3 bxc3 35. bxc3 Nd8 36. f5 Nb7 37. Ng4 Rxf5 38. Nxf5 Qxf5 39. Rxe7 Qxf3 40. Rxg7+ Kxg7 41. Bxf3 Na5 42. Be5+ Kg6 43. Nf6 Rb7 44. Nxd5 Rb2+ 45. Kg3 Rxa2 46. Nb4 Rd2 47. Bf4 Rb2 48. d5 Nb3 49. Na6 Na5 50. d6 Nb7 51. d7 Nd8 52. Bc7 Ne6 53. d8Q Nxd8 54. Bxd8 Rb3 55. Be4+ Kf7 56. Bd5+ Kg6 57. Ba5 Ra3 58. Bb4 Rxa6 59. Bxc4 Ra1 60. Bd5 a5 61. Bd6 a4 62. Be5 a3 63. Bd4 Rd1 64. Bb3 Rd2 65. Be5 a2 66. Bxa2 Rxa2 67. Kf4 Ra4+ 68. Bd4 Kh5 69. Ke5 Kh4 70. Kd5 Kxh3 71. c4 1/2-1/2

[Event "ROM-ch U18 Girls"]
[Site "Sovata"]
[Date "2001.??.??"]
[Round "4"]
[White "Barbascu, Madalina"]
[Black "Istrati, Viorica"]
[Result "0-1"]
[WhiteElo "2140"]
[BlackElo "2115"]
[PlyCount "127"]
[EventDate "2001.03.31"]
[EventType "tourn"]
[EventRounds "11"]
[EventCountry "ROU"]
[SourceTitle "EXT 2008"]
[Source "ChessBase"]
[SourceDate "2007.11.25"]
[SourceVersion "1"]
[SourceVersionDate "2007.11.25"]
[SourceQuality "1"]

1. Nf3 c5 2. g3 Nc6 3. c4 g6 4. Nc3 Bg7 5. Bg2 e6 6. 0-0 Nge7 7. e3 Nf5 8. b3 0-0 9. Bb2 d5 10. d3 d4 11. exd4 Nfxd4 12. Nxd4 Bxd4 13. Qd2 f5 14. Rad1 Qf6 15. Na4 Bxb2 16. Qxb2 Qxb2 17. Nxb2 Bd7 18. Na4 b6 19. Rfe1 Rae8 20. Nc3 Nd4 21. f4 Rd8 22. Kf2 Kf7 23. Rd2 Bc6 24. Bxc6 Nxc6 25. Nb5 Rd7 26. Red1 Rfd8 27. Ke3 a6 28. Nc3 Kf6 29. Na4 Rb7 30. Nc3 h6 31. Ne2 Nd4 32. Nxd4 Rxd4 33. b4 Rbd7 34. a3 g5 35. Rb1 R7d6 36. bxc5 bxc5 37. Rb8 e5 38. Rf8+ Kg6 39. fxe5 Re6 40. Rb2 Rxe5+ 41. Kd2 Rd6 42. Rbb8 Re4 43. Rfd8 Rxd8 44. Rxd8 Re5 45. Rd6+ Kh5 46. Rxa6 f4 47. gxf4 gxf4 48. Rf6 Kg5 49. Rf8 Kg4 50. a4 Kf3 51. a5 Re2+ 52. Kd1 Ra2 53. Rf6 Ke3 54. a6 f3 55. Re6+ Kxd3 56. Rd6+ Kxc4 57. Ke1 Rxh2 58. Rd2 Rh1+ 59. Kf2 Ra1 60. Rd6 h5 61. Kxf3 Kb5 62. Rh6 Rxa6 63. Rxh5 Re6 64. Rh2 0-1

[Event "ROM-ch U18 Girls"]
[Site "Sovata"]
[Date "2001.??.??"]
[Round "1"]
[White "Istrati, Viorica"]
[Black "Calotescu, Ana Cristina"]
[Result "1/2-1/2"]
[WhiteElo "2115"]
[BlackElo "2205"]
[PlyCount "123"]
[EventDate "2001.03.31"]
[EventType "tourn"]
[EventRounds "11"]
[EventCountry "ROU"]
[SourceTitle "EXT 2008"]
[Source "ChessBase"]
[SourceDate "2007.11.25"]
[SourceVersion "1"]
[SourceVersionDate "2007.11.25"]
[SourceQuality "1"]

1. e4 e6 2. d4 d5 3. Nd2 Nc6 4. Ngf3 Nf6 5. e5 Nd7 6. Be2 f6 7. exf6 Qxf6 8. Nf1 Bd6 9. Ne3 h6 10. 0-0 g5 11. c4 Ne7 12. g3 c6 13. c5 Bc7 14. Bd2 h5 15. Nc2 g4 16. Ng5 Nf5 17. h4 e5 18. Bc3 e4 19. Ne3 Nxh4 20. Nxe4 Nf3+ 21. Bxf3 Qxf3 22. Qxf3 gxf3 23. Ng5 Nf6 24. Rfe1 Kf8 25. Nxf3 Rg8 26. Ng2 Bf5 27. Re2 Bg4 28. Re3 Ne4 29. Be1 Re8 30. Nd2 Bh3 31. Nxe4 dxe4 32. Kh2 Bg4 33. Rc1 Bd8 34. Rb3 Bg5 35. Ne3 Re7 36. Rcc3 Bf3 37. d5 h4 38. d6 hxg3+ 39. fxg3 Rh7+ 40. Kg1 Rh1+ 41. Kf2 Rgh8 42. Nf1 R8h7 43. Rxf3+ exf3 44. Rxf3+ Rf7 45. Rxf7+ Kxf7 46. Kg2 Rh8 47. Nd2 Re8 48. Kf1 b6 49. b4 bxc5 50. bxc5 Bxd2 51. Bxd2 Rb8 52. Ke2 Rb5 53. Be3 Rb2+ 54. Kd3 Rxa2 55. g4 Rg2 56. g5 a5 57. Bc1 a4 58. Kc3 Ke6 59. Kb4 Rg4+ 60. Kc3 Rg1 61. Kc2 Rg3 62. Bb2 1/2-1/2

[Event "ROM-ch U20 Girls"]
[Site "Tusnad"]
[Date "2001.??.??"]
[Round "?"]
[White "Istrati, Viorica"]
[Black "Manicuta, Monica"]
[Result "0-1"]
[WhiteElo "2116"]
[BlackElo "2135"]
[PlyCount "96"]
[EventDate "2001.??.??"]
[EventType "swiss"]
[EventRounds "9"]
[EventCountry "ROU"]
[SourceTitle "EXT 2008"]
[Source "ChessBase"]
[SourceDate "2007.11.25"]
[SourceVersion "1"]
[SourceVersionDate "2007.11.25"]
[SourceQuality "1"]

1. e4 c5 2. Nf3 d6 3. d4 cxd4 4. Nxd4 Nf6 5. f3 e5 6. Bb5+ Bd7 7. Bxd7+ Qxd7 8. Nf5 d5 9. Bg5 Rg8 10. Bxf6 gxf6 11. Qxd5 Qxd5 12. exd5 Rxg2 13. Ne3 Rg6 14. Nc3 a6 15. Ke2 Nd7 16. Ne4 Nc5 17. Rhg1 Nxe4 18. fxe4 Kd7 19. Raf1 Be7 20. Rg3 Rag8 21. Rff3 h5 22. Nf5 b5 23. Rc3 Bb4 24. Rc6 Rc8 25. c3 Bc5 26. Rxa6 b4 27. c4 Bg1 28. b3 Bxh2 29. Ra7+ Rc7 30. Rxc7+ Kxc7 31. Rxg6 fxg6 32. Ne7 g5 33. Ng8 Bf4 34. Nxf6 h4 35. Kf2 h3 36. Kg1 Kd6 37. Ng4 Bg3 38. Kh1 Kc5 39. Nh6 Bf4 40. Nf5 g4 41. d6 Kc6 42. Kg1 g3 43. c5 Kd7 44. Nh4 Be3+ 45. Kf1 g2+ 46. Nxg2 hxg2+ 47. Kxg2 Bxc5 48. Kf3 Kxd6 0-1

[Event "ROM-ch U18 Girls"]
[Site "Sovata"]
[Date "2001.??.??"]
[Round "3"]
[White "Istrati, Viorica"]
[Black "Moldovan, Corina"]
[Result "1/2-1/2"]
[WhiteElo "2115"]
[BlackElo "2226"]
[PlyCount "84"]
[EventDate "2001.03.31"]
[EventType "tourn"]
[EventRounds "11"]
[EventCountry "ROU"]
[SourceTitle "EXT 2008"]
[Source "ChessBase"]
[SourceDate "2007.11.25"]
[SourceVersion "1"]
[SourceVersionDate "2007.11.25"]
[SourceQuality "1"]

1. e4 c5 2. Nf3 d6 3. d4 cxd4 4. Nxd4 Nf6 5. f3 g6 6. c4 Bg7 7. Be3 Nc6 8. Qd2 0-0 9. Nc3 Nxd4 10. Bxd4 Be6 11. Be2 Qa5 12. Rd1 Rfc8 13. b3 Nd7 14. Bxg7 Kxg7 15. Nd5 Qxd2+ 16. Rxd2 Bxd5 17. Rxd5 Rc5 18. Kf2 Rxd5 19. exd5 a6 20. Ke3 Rd8 21. f4 h6 22. Bf3 a5 23. Kd4 Nc5 24. Rb1 Ra8 25. Bd1 Ra7 26. a3 b6 27. Bc2 Kf6 28. g4 Nd7 29. h4 Kg7 30. Re1 Nf6 31. g5 Nh5 32. f5 gxf5 33. Bxf5 hxg5 34. hxg5 Nf4 35. Re4 Ng6 36. Ke3 Ne5 37. Rh4 Rc7 38. a4 Ra7 39. Rh7+ Kg8 40. Rh6 Kg7 41. Rh7+ Kg8 42. Rh6 Kg7 1/2-1/2

[Event "ROM-chT"]
[Site "Eforie Nord"]
[Date "2000.12.20"]
[Round "3"]
[White "Badut, Ana Maria"]
[Black "Istrati, Viorica"]
[Result "1-0"]
[WhiteElo "2031"]
[BlackElo "2121"]
[PlyCount "90"]
[EventDate "2000.12.18"]
[EventType "team"]
[EventRounds "5"]
[EventCountry "ROU"]
[SourceTitle "CBM 081"]
[Source "ChessBase"]
[SourceDate "2001.03.20"]
[SourceVersion "1"]
[SourceVersionDate "2001.03.20"]
[SourceQuality "1"]
[WhiteTeam "Bucharest Electrica"]
[BlackTeam "Timisoara Luxten"]
[WhiteTeamCountry "ROU"]
[BlackTeamCountry "ROU"]

1. e4 c5 2. Nf3 d6 3. d4 cxd4 4. Nxd4 Nf6 5. Nc3 a6 6. Bg5 e6 7. f4 Bd7 8. Qd3 h6 9. Bh4 g5 10. fxg5 Nh7 11. 0-0-0 hxg5 12. Bg3 Nf6 13. e5 dxe5 14. Bxe5 Rh6 15. Qg3 Nh5 16. Qe3 Be7 17. g4 Nf4 18. Kb1 Ng6 19. Bg2 Qb6 20. Qg3 Nxe5 21. Qxe5 Bf6 22. Qe3 Bxd4 23. Rxd4 Nc6 24. Bxc6 Qxc6 25. Rhd1 0-0-0 26. Rd6 Qc7 27. Qa7 Rxh2 28. Qa8+ Qb8 29. Qxb8+ Kxb8 30. Rxd7 Rxd7 31. Rxd7 Kc8 32. Rd1 Rg2 33. Ne4 Rxg4 34. Nd6+ Kc7 35. Nxf7 Rg2 36. b3 g4 37. Ne5 g3 38. Rd7+ Kc8 39. Rg7 Re2 40. Nf3 g2 41. Kb2 e5 42. Nh4 g1Q 43. Rxg1 Kd7 44. Rg7+ Kc6 45. Re7 a5 1-0

[Event "ROM-ch U18 Girls"]
[Site "Romania"]
[Date "2000.04.??"]
[Round "9"]
[White "Miron, Oana"]
[Black "Istrati, Viorica"]
[Result "0-1"]
[WhiteElo "2030"]
[BlackElo "2156"]
[PlyCount "132"]
[EventDate "2000.03.??"]
[EventType "tourn"]
[EventRounds "11"]
[EventCountry "ROU"]
[SourceTitle "EXT 2004"]
[Source "ChessBase"]
[SourceDate "2003.11.25"]
[SourceVersion "1"]
[SourceVersionDate "2003.11.25"]
[SourceQuality "1"]

1. f4 d5 2. Nf3 Nf6 3. g3 c5 4. Bg2 g6 5. 0-0 Bg7 6. d3 0-0 7. Qe1 Nc6 8. c3 b5 9. Ne5 Nxe5 10. fxe5 Ng4 11. d4 cxd4 12. cxd4 Qb6 13. e3 Be6 14. Nc3 Rad8 15. Qe2 b4 16. Nxd5 Bxd5 17. Bxd5 Nxe5 18. Bg2 Nd7 19. Kh1 Rc8 20. b3 e5 21. Bb2 exd4 22. Bxd4 Bxd4 23. exd4 Qxd4 24. Rad1 Qe5 25. Qd2 Nb6 26. Qxb4 Rc2 27. Rfe1 Qb2 28. Rb1 Qxa2 29. Ra1 Qb2 30. Reb1 Qe5 31. Rxa7 Qe2 32. Qe4 Re8 33. Qf3 Qxf3 34. Bxf3 Rf2 35. Bc6 Ree2 36. Rb7 Rxh2+ 37. Kg1 Rh3 38. Rxb6 Rxg3+ 39. Kf1 Rd2 40. Rb7 h5 41. Re1 Rc3 42. Bh1 h4 43. Rbe7 Rxb3 44. R7e3 Rbb2 45. R3e2 Rxe2 46. Rxe2 Rxe2 47. Kxe2 f5 48. Ke3 Kg7 49. Bg2 Kf6 50. Kf4 g5+ 51. Kf3 Ke6 52. Ke3 Ke5 53. Bf1 g4 54. Bg2 f4+ 55. Ke2 h3 56. Bc6 h2 57. Bh1 f3+ 58. Ke3 Kf5 59. Kf2 Kf4 60. Ke1 g3 61. Kf1 Ke3 62. Bg2 fxg2+ 63. Kxg2 Kf4 64. Kh1 Kg4 65. Kg2 h1Q+ 66. Kxh1 Kf3 0-1

[Event "ROM-ch sf (Women)"]
[Site "Baile Tusnad"]
[Date "2000.??.??"]
[Round "8"]
[White "Istrati, Viorica"]
[Black "Adoamnei, Roxana Antonela"]
[Result "0-1"]
[WhiteElo "2156"]
[BlackElo "2076"]
[PlyCount "112"]
[EventDate "2000.05.??"]
[EventType "swiss"]
[EventRounds "9"]
[EventCountry "ROU"]
[SourceTitle "EXT 2001"]
[Source "ChessBase"]
[SourceDate "2000.11.22"]
[SourceVersion "1"]
[SourceVersionDate "2000.11.22"]
[SourceQuality "1"]

1. e4 c6 2. d4 d5 3. f3 g6 4. Nc3 Bg7 5. Be3 Nf6 6. e5 Ng8 7. f4 h5 8. Nh3 Bxh3 9. gxh3 e6 10. Qd2 Nd7 11. 0-0-0 b5 12. Rg1 Ne7 13. Bd3 Nb6 14. b3 a5 15. Kb1 Bf8 16. Bf2 Qb8 17. Ka1 a4 18. Bh4 Qa7 19. Rg2 Rg8 20. Ne2 Nc4 21. bxc4 bxc4 22. Bxc4 dxc4 23. Bxe7 Bxe7 24. Ng3 Rb8 25. Nxh5 Qb7 26. c3 Rh8 27. Ng3 Ba3 28. Qc2 Rxh3 29. Rb1 Qxb1+ 30. Qxb1 Rxb1+ 31. Kxb1 Rh4 32. Rf2 c5 33. Ne4 cxd4 34. cxd4 Kd7 35. Kc2 Bb4 36. a3 Be1 37. Re2 Ba5 38. Rf2 Rh3 39. Nc5+ Kc6 40. Nxa4 Rxa3 41. Nb2 Kd5 42. h4 Kxd4 43. f5 Rc3+ 44. Kd1 Kxe5 45. fxg6 fxg6 46. Re2+ Kf5 47. Rf2+ Ke4 48. Rf6 Kd5 49. Rxg6 Rh3 50. Rg5+ e5 51. Nxc4 Kxc4 52. Rxe5 Bc3 53. Re8 Rh1+ 54. Kc2 Rh2+ 55. Kd1 Kd3 56. Rd8+ Bd4 0-1

[Event "Ghiocelul op"]
[Site "Ghiocelul"]
[Date "2000.??.??"]
[Round "?"]
[White "Istrati, Viorica"]
[Black "Pachia, Mihai"]
[Result "0-1"]
[WhiteElo "2155"]
[BlackElo "1780"]
[PlyCount "78"]
[EventDate "2000.??.??"]
[EventType "swiss"]
[EventRounds "9"]
[EventCountry "ROU"]
[SourceTitle "EXT 2004"]
[Source "ChessBase"]
[SourceDate "2003.11.25"]
[SourceVersion "1"]
[SourceVersionDate "2003.11.25"]
[SourceQuality "1"]

1. e4 c5 2. c4 Nc6 3. Nc3 g6 4. d3 Bg7 5. Be3 d6 6. Nf3 Nf6 7. d4 cxd4 8. Nxd4 Ng4 9. Nxc6 bxc6 10. Bd4 e5 11. Be3 Nxe3 12. fxe3 0-0 13. Qd2 Bh6 14. 0-0-0 Bg4 15. Re1 Qb6 16. h3 Be6 17. g4 Rfd8 18. Rg1 Bg5 19. Qf2 Rac8 20. h4 Be7 21. g5 d5 22. h5 d4 23. exd4 exd4 24. Nb1 Qc5 25. Nd2 Bxg5 26. hxg6 hxg6 27. Rh1 Bxc4 28. Bxc4 Qxc4+ 29. Kb1 Qd3+ 30. Ka1 Qxd2 31. Qg3 Kg7 32. Ref1 Re8 33. Qf3 Rc7 34. Qh3 Bh6 35. Qf3 Re6 36. Qb3 c5 37. Rb1 c4 38. Qb8 Rce7 39. Rbd1 Qf4 0-1

[Event "Centrocoop op"]
[Site "Eforie Nord"]
[Date "2000.??.??"]
[Round "?"]
[White "Istrati, Viorica"]
[Black "Staflin, Soren"]
[Result "1/2-1/2"]
[WhiteElo "2120"]
[BlackElo "1750"]
[PlyCount "63"]
[EventDate "2000.??.??"]
[EventType "swiss"]
[EventRounds "9"]
[EventCountry "ROU"]
[SourceTitle "EXT 2004"]
[Source "ChessBase"]
[SourceDate "2003.11.25"]
[SourceVersion "1"]
[SourceVersionDate "2003.11.25"]
[SourceQuality "1"]

1. e4 c5 2. Nf3 d6 3. d4 cxd4 4. Nxd4 Nf6 5. f3 e5 6. Bb5+ Nbd7 7. Nf5 Qc7 8. Nc3 a6 9. Ba4 b5 10. Bb3 Nc5 11. Ne3 Be6 12. 0-0 Rc8 13. Ned5 Nxd5 14. Nxd5 Bxd5 15. Bxd5 Be7 16. f4 exf4 17. Bxf4 0-0 18. Qg4 Bf6 19. Qg3 Be5 20. Bxe5 dxe5 21. Rf5 Rce8 22. Raf1 Re7 23. Rg5 Ne6 24. Bxe6 fxe6 25. Rxf8+ Kxf8 26. Qxe5 Qxc2 27. Qb8+ Kf7 28. Qf4+ Ke8 29. Qb8+ Kf7 30. Qf4+ Ke8 31. Qb8+ Kf7 32. Qf4+ 1/2-1/2